|
|
|
|
| LEADER |
00000nam a22000007a 4500 |
| 005 |
20200602161857.0 |
| 007 |
cr|||| |||| |
| 008 |
200602s2020 mx |||||s|||| 00||0 spa d |
| 020 |
|
|
|a 978-607-541-198-9
|
| 035 |
|
|
|a 31461
|
| 040 |
|
|
|a vLex
|
| 090 |
|
|
|c 10498
|d 10498
|
| 100 |
1 |
|
|a Sǹchez Miranda, Arnulfo
|
| 245 |
1 |
0 |
|a Aplicacin̤ prc̀tica del ISR Personas Morales 2020
|h [Recurso electrn̤ico] /
|c Arnulfo Sǹchez Miranda
|
| 256 |
|
|
|a Servicio en ln̕ea
|
| 260 |
|
|
|a Ciudad de Mx̌ico:
|b Ediciones Fiscales ISEF,
|c 2020
|
| 300 |
|
|
|a 1 recurso electrn̤ico
|
| 500 |
|
|
|a En esta obra, APLICACIÓN PRℓCTICA DEL ISR PERSONAS MORALES, se desarrolla de manera sencilla, a travš de casos prc̀ticos, temas esenciales que todo estudiante debe saber acerca de la LISR sustentada con el CFF, las reglas de carc̀ter general y, en su caso con el derecho federal comn︢; mostrando temas y elementos bs̀icos., acompaądas de cuadros sinp̤ticos, diagramas de flujo, ejemplos numřicos, fundamentos, comentarios, sugerencias. Los temas corresponden con el contenido de los diferentes temarios de las escuelas, facultades e instituciones que imparten asignaturas relacionadas con el r̀ea fiscal.
|
| 506 |
1 |
|
|a Disponible solo en los productos indicados
|d vLex Global
|d vLex Global (Academic Edition, excluding Law Schools)
|d vLex Global (U.S. Academic Edition, Law Schools)
|d vLex Global (U.S. Academic Edition, excluding Law Schools)
|d vLex Global (Academic Edition, Law Schools)
|
| 650 |
0 |
4 |
|a Derecho Fiscal
|z Mx̌ico
|
| 740 |
0 |
|
|a vLex Libros (Servicio en ln̕ea)
|
| 856 |
4 |
0 |
|u http://vlex.com/source/aplicacion-practica-del-isr-personas-morales-2020-31461
|z Acceso restringido
|
| 942 |
|
|
|c BOOK
|
| 999 |
0 |
|
|a Tax Law
|